[Event "COL-ch U2000"]
[Site "Medellin"]
[Date "2016.??.??"]
[Round "2.19"]
[White "Martinez, Mauricio"]
[Black "Ricciulli Vargas, Roberth Eliece"]
[Result "1/2-1/2"]
[WhiteElo "1961"]
[BlackElo "1859"]
[PlyCount "83"]
[EventDate "2016.02.29"]
[EventType "swiss"]
[EventRounds "9"]
[EventCountry "COL"]
[SourceTitle "EXT 2024"]
[Source "ChessBase"]
[SourceDate "2023.10.10"]
[SourceVersion "1"]
[SourceVersionDate "2023.10.10"]
[SourceQuality "1"]

1. e4 c5 2. Nf3 d6 3. d4 cxd4 4. Qxd4 Nc6 5. Bb5 Nf6 6. Nc3 Bd7 7. Bxc6 bxc6 8. e5 c5 9. Qd3 Ng4 10. exd6 exd6 11. 0-0 Be7 12. Bf4 Bc6 13. Nd5 Bxd5 14. Qxd5 0-0 15. c4 Nf6 16. Qd3 Qb6 17. b3 Rfe8 18. Rad1 Qc6 19. Bg5 Ne4 20. Bxe7 Rxe7 21. Nd2 Ng5 22. Nb1 Re6 23. Nc3 Rae8 24. Qd5 Qxd5 25. Rxd5 Rg6 26. Kh1 Ne4 27. Nxe4 Rxe4 28. Rd2 Kf8 29. g3 Rge6 30. Kg2 Ke7 31. Rfd1 g5 32. h3 h5 33. Rd5 R4e5 34. Rxe5 Rxe5 35. Rd2 f5 36. Kf3 Ke6 37. Kg2 a5 38. f3 Re3 39. Kf2 Rc3 40. Re2+ Kf6 41. Re3 Rc2+ 42. Re2 1/2-1/2

[Event "COL-ch rapid"]
[Site "Quibdo"]
[Date "2015.11.09"]
[Round "3"]
[White "Contreras, Henry"]
[Black "Ricciulli Vargas, Roberth Eliece"]
[Result "1-0"]
[WhiteElo "2276"]
[BlackElo "1828"]
[PlyCount "63"]
[EventDate "2015.11.09"]
[EventType "swiss (rapid)"]
[EventRounds "9"]
[EventCountry "COL"]
[SourceTitle "CBM 169 Extra"]
[Source "ChessBase"]
[SourceDate "2015.12.18"]
[SourceVersion "1"]
[SourceVersionDate "2015.12.18"]
[SourceQuality "1"]

1. e4 e5 2. Nf3 Nc6 3. d4 exd4 4. Nxd4 Bc5 5. Be3 Qf6 6. c3 Bb6 7. Bc4 Nge7 8. 0-0 0-0 9. Kh1 Qg6 10. Nd2 Ne5 11. Be2 d6 12. f3 Kh8 13. f4 Ng4 14. Bg1 Bxd4 15. f5 Qh6 16. cxd4 Ne3 17. Bxe3 Qxe3 18. d5 Ng8 19. Rf3 Qd4 20. Rc3 Nf6 21. Qc2 Re8 22. Bf3 Re7 23. Rd1 Ne8 24. g4 b6 25. g5 Ba6 26. Nc4 Qc5 27. Ne5 Rxe5 28. Rxc5 bxc5 29. b4 cxb4 30. Qc6 Rb8 31. Qxa6 h6 32. Qxa7 1-0

[Event "COL-ch rapid"]
[Site "Quibdo"]
[Date "2015.11.09"]
[Round "7"]
[White "Mosquera Klinger, Miguel Alonso"]
[Black "Ricciulli Vargas, Roberth Eliece"]
[Result "1-0"]
[WhiteElo "2456"]
[BlackElo "1828"]
[PlyCount "63"]
[EventDate "2015.11.09"]
[EventType "swiss (rapid)"]
[EventRounds "9"]
[EventCountry "COL"]
[SourceTitle "CBM 169 Extra"]
[Source "ChessBase"]
[SourceDate "2015.12.18"]
[SourceVersion "1"]
[SourceVersionDate "2015.12.18"]
[SourceQuality "1"]

1. e4 e5 2. Nf3 Nc6 3. d4 exd4 4. Nxd4 Bc5 5. Nxc6 Qf6 6. Qd2 dxc6 7. Nc3 Bd7 8. Bd3 0-0-0 9. Qf4 Bd4 10. Qxf6 Nxf6 11. Ne2 Bc5 12. f3 h6 13. Bd2 Be6 14. Nf4 Bd7 15. Bc4 Rhf8 16. h4 Bd4 17. 0-0-0 c5 18. c3 Be5 19. Nd3 Bg3 20. Nxc5 Bc6 21. Be3 Rxd1+ 22. Kxd1 Rd8+ 23. Ke2 b6 24. Nb3 Rd7 25. Nd4 Bb7 26. h5 Bd6 27. Nf5 Bf8 28. Bd4 Ne8 29. Rd1 g6 30. hxg6 fxg6 31. Nh4 g5 32. Ng6 1-0

[Event "Bogota Superate Cat B Avanzado"]
[Site "Bogota"]
[Date "2015.10.14"]
[Round "5.5"]
[White "Arias Umana, Fray Bernardo"]
[Black "Ricciulli Vargas, Roberth Eliece"]
[Result "0-1"]
[WhiteElo "1672"]
[BlackElo "1858"]
[PlyCount "98"]
[EventDate "2015.10.12"]
[EventType "swiss"]
[EventRounds "5"]
[EventCountry "COL"]
[SourceTitle "EXT 2024"]
[Source "ChessBase"]
[SourceDate "2023.10.10"]
[SourceVersion "1"]
[SourceVersionDate "2023.10.10"]
[SourceQuality "1"]

1. d4 Nf6 2. c4 e6 3. Nf3 d5 4. Nc3 Be7 5. Bg5 0-0 6. e3 b6 7. Qc2 Bb7 8. cxd5 exd5 9. Bd3 Nbd7 10. 0-0 h6 11. Bh4 c5 12. Rac1 Rc8 13. Rfe1 Re8 14. Bg3 Nf8 15. Bb5 N8d7 16. Ne5 a6 17. Bxd7 Nxd7 18. Qd3 Bf6 19. Nf3 b5 20. Ne2 Qa5 21. a3 g6 22. Qd2 Qb6 23. dxc5 Rxc5 24. Ned4 Kg7 25. Rc2 Rxc2 26. Nxc2 Bxb2 27. Nb4 Be5 28. Nxd5 Qd6 29. Nf4 Bxf3 30. Qxd6 Bxd6 31. gxf3 Bxa3 32. Ra1 b4 33. Nd3 Rc8 34. Bd6 a5 35. Rd1 Rc6 36. Be7 Nb6 37. Bd8 Nc4 38. Kg2 Rd6 39. Bc7 Rd7 40. Bf4 g5 41. Bg3 b3 42. h3 a4 43. f4 Be7 44. fxg5 Bxg5 45. Kf3 a3 46. Ke2 a2 47. Ra1 Bf6 48. Be5 Bxe5 49. Nxe5 Nxe5 0-1

[Event "COL-ch Superate B"]
[Site "Colombia"]
[Date "2015.10.14"]
[Round "9.3"]
[White "Giraldo Aristizabal, Marlon"]
[Black "Ricciulli Vargas, Roberth Eliece"]
[Result "0-1"]
[WhiteElo "1625"]
[BlackElo "1854"]
[PlyCount "52"]
[EventDate "2015.10.14"]
[EventType "swiss (blitz)"]
[EventRounds "12"]
[EventCountry "COL"]
[SourceTitle "EXT 2024"]
[Source "ChessBase"]
[SourceDate "2023.10.10"]
[SourceVersion "1"]
[SourceVersionDate "2023.10.10"]
[SourceQuality "1"]

1. e4 e5 2. Nf3 Nc6 3. d4 exd4 4. Nxd4 Bc5 5. Be3 Qf6 6. c3 Bb6 7. Bc4 Qg6 8. Qf3 Ne5 9. Qe2 Qxg2 10. Rf1 Bxd4 11. cxd4 Nxc4 12. Qxc4 Qxe4 13. Nc3 Qc6 14. Qd3 Nf6 15. 0-0-0 d5 16. Kb1 Bh3 17. Rg1 Qd7 18. Rxg7 Bf5 19. Qxf5 Qxf5+ 20. Ka1 0-0-0 21. Rg5 Qe6 22. Re5 Qa6 23. Rc1 Rhe8 24. Rf5 Re6 25. Bg5 Rde8 26. Bd2 Qd3 0-1

[Event "COL-ch Superate B"]
[Site "Colombia"]
[Date "2015.10.14"]
[Round "10.3"]
[White "Ricciulli Vargas, Roberth Eliece"]
[Black "Giraldo Aristizabal, Marlon"]
[Result "0-1"]
[WhiteElo "1854"]
[BlackElo "1625"]
[PlyCount "94"]
[EventDate "2015.10.14"]
[EventType "swiss (blitz)"]
[EventRounds "12"]
[EventCountry "COL"]
[SourceTitle "EXT 2024"]
[Source "ChessBase"]
[SourceDate "2023.10.10"]
[SourceVersion "1"]
[SourceVersionDate "2023.10.10"]
[SourceQuality "1"]

1. e4 c5 2. Nf3 d6 3. Bb5+ Bd7 4. Bxd7+ Qxd7 5. c4 Nf6 6. Nc3 e6 7. d4 cxd4 8. Nxd4 Be7 9. 0-0 0-0 10. f3 Rd8 11. Be3 Nc6 12. Qd2 Rac8 13. b3 d5 14. cxd5 exd5 15. exd5 Nxd5 16. Nxd5 Qxd5 17. Nxc6 Rxc6 18. Qxd5 Rxd5 19. Rfd1 Rcd6 20. Rxd5 Rxd5 21. Bxa7 f6 22. Re1 Kf7 23. Kf2 Ra5 24. Bd4 Rxa2+ 25. Re2 Ra6 26. f4 Bd6 27. g3 Rc6 28. Ke3 Rc1 29. Kd3 Rb1 30. Kc4 b5+ 31. Kd5 Be7 32. Rb2 Rd1 33. Ke4 f5+ 34. Ke3 Rxd4 35. Kxd4 Bf6+ 36. Kc5 Bxb2 37. Kxb5 Ke6 38. Kc4 h6 39. b4 Kd6 40. b5 Ba3 41. h3 Bc5 42. g4 fxg4 43. hxg4 Be3 44. f5 Ke5 45. Kd3 Bb6 46. Ke2 Kf4 47. f6 gxf6 0-1

[Event "Pan American-ch U16"]
[Site "Cali"]
[Date "2015.06.30"]
[Round "4"]
[White "Ricciulli Vargas, Roberth Eliece"]
[Black "Kimelman, Gabriel"]
[Result "0-1"]
[WhiteElo "1947"]
[BlackElo "2109"]
[PlyCount "88"]
[EventDate "2015.06.28"]
[EventType "swiss"]
[EventRounds "9"]
[EventCountry "COL"]
[SourceTitle "EXT 2016"]
[Source "ChessBase"]
[SourceDate "2015.10.08"]
[SourceVersion "1"]
[SourceVersionDate "2015.10.08"]
[SourceQuality "1"]

1. e4 e6 2. Nf3 d5 3. e5 c5 4. b4 b6 5. a3 Ba6 6. Bxa6 Nxa6 7. c4 Nc7 8. Qa4+ Qd7 9. Qxd7+ Kxd7 10. cxd5 Nxd5 11. bxc5 Bxc5 12. d4 Be7 13. 0-0 Rc8 14. Nbd2 Nh6 15. Ne4 Rc4 16. Bxh6 gxh6 17. Rfc1 Rhc8 18. Rxc4 Rxc4 19. a4 Nc3 20. Nxc3 Rxc3 21. Kf1 Kc6 22. Ra2 Kd5 23. Ke2 Kc4 24. Rb2 Ba3 25. Rb1 Rc2+ 26. Ke3 Bc1+ 27. Rxc1 Rxc1 28. Nd2+ Kb4 29. f4 Kxa4 30. f5 Kb5 31. Ne4 Kc6 32. Nd6 Kd5 33. f6 Rc7 34. Nb5 Rd7 35. Kd3 Kc6 36. Kc4 a6 37. Nc3 b5+ 38. Kd3 a5 39. Ne4 a4 40. Nc5 Ra7 41. Ke4 a3 42. Nb3 Ra4 43. Kd3 a2 44. Na1 Rb4 0-1

[Event "Pan American-ch U16"]
[Site "Cali"]
[Date "2015.06.29"]
[Round "2"]
[White "Ricciulli Vargas, Roberth Eliece"]
[Black "Miyasaka, Matthew Shoji"]
[Result "0-1"]
[WhiteElo "1947"]
[BlackElo "2037"]
[PlyCount "72"]
[EventDate "2015.06.28"]
[EventType "swiss"]
[EventRounds "9"]
[EventCountry "COL"]
[SourceTitle "EXT 2016"]
[Source "ChessBase"]
[SourceDate "2015.10.08"]
[SourceVersion "1"]
[SourceVersionDate "2015.10.08"]
[SourceQuality "1"]

1. e4 c5 2. Nf3 d6 3. Bb5+ Bd7 4. Bxd7+ Qxd7 5. c4 Nc6 6. d4 cxd4 7. Nxd4 g6 8. Be3 Bg7 9. Nc3 Nf6 10. f3 0-0 11. 0-0 Rfc8 12. b3 Rab8 13. Rc1 Ne8 14. Qd2 Nc7 15. Nxc6 bxc6 16. Bxa7 Bxc3 17. Rxc3 Nd5 18. Bxb8 Nxc3 19. Qxc3 Rxb8 20. Ra1 Qa7+ 21. Kf1 Qa3 22. Ke2 Qc5 23. Rc1 Ra8 24. a4 Rb8 25. a5 Qg5 26. Rg1 e6 27. b4 d5 28. cxd5 cxd5 29. Qc7 Rd8 30. f4 Qg4+ 31. Kf2 Re8 32. a6 e5 33. Rf1 Rc8 34. Qxe5 Rc2+ 35. Ke3 Qe2+ 36. Kd4 Qd2# 0-1

[Event "San Andres Islas Caribe-ch"]
[Site "San Andres Islas"]
[Date "2015.05.07"]
[Round "5"]
[White "Ricciulli Vargas, Roberth Eliece"]
[Black "Pena, Reynaldo"]
[Result "1-0"]
[WhiteElo "1843"]
[BlackElo "1612"]
[PlyCount "58"]
[EventDate "2015.05.05"]
[EventType "swiss"]
[EventRounds "6"]
[EventCountry "COL"]
[SourceTitle "CBM 166 Extra"]
[Source "ChessBase"]
[SourceDate "2015.06.18"]
[SourceVersion "1"]
[SourceVersionDate "2015.06.18"]
[SourceQuality "1"]

1. e4 c5 2. Nf3 Nc6 3. d4 cxd4 4. Nxd4 e5 5. Nb5 a6 6. Nd6+ Bxd6 7. Qxd6 Qf6 8. Qxf6 Nxf6 9. Nc3 h6 10. Be3 0-0 11. 0-0-0 b5 12. f3 Bb7 13. Nd5 Nxd5 14. Rxd5 Bc8 15. Bc5 Re8 16. g4 Re6 17. Kd2 Ne7 18. Rd6 Rxd6+ 19. Bxd6 Nc6 20. c3 Bb7 21. h4 Rc8 22. g5 h5 23. Bh3 a5 24. Ke3 b4 25. Rc1 f6 26. cxb4 Nxb4 27. Rxc8+ Bxc8 28. Bxb4 axb4 29. gxf6 gxf6 1-0

[Event "San Andres Islas Caribe-ch"]
[Site "San Andres Islas"]
[Date "2015.05.06"]
[Round "3"]
[White "Ricciulli Vargas, Roberth Eliece"]
[Black "Romero Martinez, Filadelfo"]
[Result "1/2-1/2"]
[WhiteElo "1843"]
[BlackElo "2088"]
[PlyCount "27"]
[EventDate "2015.05.05"]
[EventType "swiss"]
[EventRounds "6"]
[EventCountry "COL"]
[SourceTitle "CBM 166 Extra"]
[Source "ChessBase"]
[SourceDate "2015.06.18"]
[SourceVersion "1"]
[SourceVersionDate "2015.06.18"]
[SourceQuality "1"]

1. e4 c5 2. Nf3 Nc6 3. c4 e6 4. d4 cxd4 5. Nxd4 Bb4+ 6. Bd2 Qa5 7. Nxc6 dxc6 8. Nc3 Qc7 9. a3 Bd6 10. Rc1 Nf6 11. Bg5 Bf4 12. Bxf4 Qxf4 13. Qd2 Qxd2+ 14. Kxd2 1/2-1/2

[Event "San Andres Islas Caribe-ch"]
[Site "San Andres Islas"]
[Date "2015.05.05"]
[Round "1"]
[White "Ricciulli Vargas, Roberth Eliece"]
[Black "Lora, Joel Fernando"]
[Result "1/2-1/2"]
[WhiteElo "1843"]
[BlackElo "2119"]
[PlyCount "144"]
[EventDate "2015.05.05"]
[EventType "swiss"]
[EventRounds "6"]
[EventCountry "COL"]
[SourceTitle "CBM 166 Extra"]
[Source "ChessBase"]
[SourceDate "2015.06.18"]
[SourceVersion "1"]
[SourceVersionDate "2015.06.18"]
[SourceQuality "1"]

1. e4 c5 2. Nf3 d6 3. Bb5+ Bd7 4. Bxd7+ Qxd7 5. c4 Nf6 6. Nc3 Nc6 7. d4 cxd4 8. Nxd4 g6 9. f3 Bg7 10. Be3 0-0 11. 0-0 Nxd4 12. Bxd4 Qc6 13. b3 Nd7 14. Nd5 Rfe8 15. Rc1 a6 16. Bxg7 Kxg7 17. Qd4+ Kg8 18. Rfd1 Rac8 19. Rc3 a5 20. Ne3 b5 21. Kh1 b4 22. Rc2 Qc5 23. Ng4 Qxd4 24. Rxd4 f6 25. Ne3 Kf7 26. Kg1 Nc5 27. Rd1 Rc6 28. Rcd2 Ra8 29. Nc2 Rb6 30. Ne1 a4 31. Nd3 axb3 32. Nxc5 dxc5 33. axb3 Ra3 34. Rb2 Rd6 35. Rd5 Rxd5 36. exd5 e6 37. dxe6+ Kxe6 38. Kf2 Ra1 39. f4 Rd1 40. g4 Rd3 41. Re2+ Kd6 42. Re3 Rd2+ 43. Re2 Rd1 44. Re1 Rd4 45. Kf3 g5 46. fxg5 fxg5 47. Re3 Rd2 48. Kg3 Rc2 49. Rd3+ Kc6 50. Re3 Kd6 51. Rd3+ Ke6 52. Re3+ Kf6 53. Rf3+ Kg6 54. Re3 h5 55. h3 hxg4 56. hxg4 Kf6 57. Rf3+ Ke5 58. Rf5+ Ke4 59. Rxg5 Rc3+ 60. Kh4 Rxb3 61. Rxc5 Rb1 62. Rc8 b3 63. Rb8 Kd4 64. g5 b2 65. g6 Rh1+ 66. Kg5 b1Q 67. Rxb1 Rxb1 68. Kf6 Rb6+ 69. Kf7 Ke5 70. g7 Rb7+ 71. Kg6 Rxg7+ 72. Kxg7 Ke4 1/2-1/2

[Event "North Region-ch U16 Integrada"]
[Site "Cartagena"]
[Date "2015.03.30"]
[Round "6.2"]
[White "Martinez Marrugo, William Andres"]
[Black "Ricciulli Vargas, Roberth Eliece"]
[Result "0-1"]
[WhiteElo "1615"]
[BlackElo "1859"]
[PlyCount "54"]
[EventDate "2015.03.28"]
[EventType "swiss"]
[EventRounds "6"]
[EventCountry "COL"]
[SourceTitle "EXT 2024"]
[Source "ChessBase"]
[SourceDate "2023.10.10"]
[SourceVersion "1"]
[SourceVersionDate "2023.10.10"]
[SourceQuality "1"]

1. e4 e5 2. Nf3 Nc6 3. Bc4 Bc5 4. d3 d6 5. Bg5 Nf6 6. Nbd2 Bg4 7. Nb3 Bb6 8. h3 Bh5 9. g4 Bg6 10. Qd2 Qd7 11. Nh4 0-0-0 12. Nf5 h5 13. Nxg7 Qe7 14. gxh5 Bh7 15. 0-0-0 Rdg8 16. h6 Nb8 17. Bb5 c6 18. Qc3 Bd8 19. Nd2 Qc7 20. Nc4 Nxe4 21. Bxd8 Nxc3 22. Bxc7 Nxd1 23. Bxb8 Nxf2 24. Rf1 cxb5 25. Nxd6+ Kxb8 26. Nxf7 Nxh3 27. Nxh8 Rxh8 0-1

[Event "North Region-ch U16 Integrada"]
[Site "Cartagena"]
[Date "2015.03.29"]
[Round "3.1"]
[White "Ricciulli Vargas, Roberth Eliece"]
[Black "Pena Bermudez, Juan Camilo"]
[Result "1/2-1/2"]
[WhiteElo "1859"]
[BlackElo "1779"]
[PlyCount "102"]
[EventDate "2015.03.28"]
[EventType "swiss"]
[EventRounds "6"]
[EventCountry "COL"]
[SourceTitle "EXT 2024"]
[Source "ChessBase"]
[SourceDate "2023.10.10"]
[SourceVersion "1"]
[SourceVersionDate "2023.10.10"]
[SourceQuality "1"]

1. e4 c5 2. Nf3 e6 3. d4 cxd4 4. Nxd4 a6 5. c4 Qc7 6. Nc3 Nf6 7. a3 b6 8. Be2 Bb7 9. f3 d6 10. Be3 Nbd7 11. 0-0 Ne5 12. Qa4+ Nfd7 13. Rac1 Rc8 14. f4 Nc6 15. b4 Nxd4 16. Bxd4 Be7 17. f5 0-0 18. Be3 Ne5 19. Qd1 Bf6 20. fxe6 fxe6 21. Na4 Qc6 22. Qc2 b5 23. Nb6 Rc7 24. Qb1 bxc4 25. Bxc4 Nxc4 26. Rxc4 Qxc4 27. Nxc4 Rxc4 28. e5 dxe5 29. b5 Rfc8 30. bxa6 Bxa6 31. Rc1 Rxc1+ 32. Bxc1 e4 33. Be3 Bd3 34. Qb3 Rc4 35. a4 Kf7 36. a5 Rc2 37. a6 Re2 38. Qb7+ Kg6 39. Qb6 Bxa6 40. Qxa6 Rxe3 41. Qxe6 Rc3 42. g4 e3 43. h4 h6 44. Qe8+ Kh7 45. g5 hxg5 46. Qh5+ Kg8 47. hxg5 Bxg5 48. Qxg5 Rc8 49. Qd5+ Kh8 50. Qe6 Rf8 51. Qxe3 Rf6 1/2-1/2

[Event "North Region-ch U10 integrada"]
[Site "Maicao"]
[Date "2015.03.08"]
[Round "6.2"]
[White "Ebrath Pedraza, Dailer"]
[Black "Ricciulli Vargas, Roberth Eliece"]
[Result "0-1"]
[WhiteElo "1558"]
[BlackElo "1859"]
[PlyCount "50"]
[EventDate "2015.03.06"]
[EventType "swiss"]
[EventRounds "6"]
[EventCountry "COL"]
[SourceTitle "EXT 2024"]
[Source "ChessBase"]
[SourceDate "2023.10.10"]
[SourceVersion "1"]
[SourceVersionDate "2023.10.10"]
[SourceQuality "1"]

1. d4 d5 2. Nc3 Nf6 3. Bf4 e6 4. Nb5 Na6 5. Nc3 c5 6. e3 b6 7. Bb5+ Nd7 8. Bc6 Rb8 9. Bxb8 Naxb8 10. Bb5 Be7 11. Qf3 0-0 12. Bd3 c4 13. Be2 a6 14. 0-0-0 Nf6 15. Qg3 Bd6 16. Qf3 b5 17. Nh3 Qa5 18. a3 b4 19. axb4 Bxb4 20. Nb1 Ne4 21. Qf4 Bd6 22. Qh4 c3 23. bxc3 Ba3+ 24. Nxa3 Qxa3+ 25. Kb1 Nxc3# 0-1

[Event "Mosquera op"]
[Site "Mosquera"]
[Date "2014.11.03"]
[Round "9"]
[White "Prado, Leonardo"]
[Black "Ricciulli Vargas, Roberth Eliece"]
[Result "1-0"]
[WhiteElo "1986"]
[BlackElo "1826"]
[PlyCount "65"]
[EventDate "2014.10.30"]
[EventType "swiss"]
[EventRounds "9"]
[EventCountry "COL"]
[SourceTitle "EXT 2015"]
[Source "ChessBase"]
[SourceDate "2014.11.20"]
[SourceVersion "1"]
[SourceVersionDate "2014.11.20"]
[SourceQuality "1"]

1. e4 e5 2. Nf3 Nc6 3. Bc4 Bc5 4. 0-0 Nf6 5. d3 d6 6. c3 Bg4 7. Nbd2 0-0 8. b4 Bb6 9. Bb3 a5 10. b5 Ne7 11. Nc4 Ng6 12. h3 Bd7 13. Nxb6 cxb6 14. a4 Qc8 15. Kh2 Qxc3 16. Ba3 Nf4 17. Bxd6 Rfe8 18. Bc4 Rac8 19. Rc1 Rxc4 20. dxc4 Qd3 21. Bxe5 Rxe5 22. Nxe5 Qxe4 23. Nf3 h6 24. Qd4 Qf5 25. Qe5 Ng4+ 26. hxg4 Qxg4 27. Ne1 g5 28. Rc2 Bf5 29. Rd2 f6 30. Qe7 Bd3 31. Rxd3 Qh5+ 32. Rh3 Nxh3 33. gxh3 1-0

[Event "Mosquera op"]
[Site "Mosquera"]
[Date "2014.11.02"]
[Round "6"]
[White "Ricciulli Vargas, Roberth Eliece"]
[Black "Otero Martinez, Alvaro Jr"]
[Result "1-0"]
[WhiteElo "1826"]
[BlackElo "1946"]
[PlyCount "85"]
[EventDate "2014.10.30"]
[EventType "swiss"]
[EventRounds "9"]
[EventCountry "COL"]
[SourceTitle "EXT 2015"]
[Source "ChessBase"]
[SourceDate "2014.11.20"]
[SourceVersion "1"]
[SourceVersionDate "2014.11.20"]
[SourceQuality "1"]

1. e4 c5 2. Nf3 Nc6 3. Bb5 e6 4. 0-0 Nge7 5. c3 a6 6. Ba4 b5 7. Bc2 d5 8. d4 cxd4 9. Nxd4 Bb7 10. exd5 Qxd5 11. Bb3 Qd7 12. Be3 Nd5 13. Bxd5 Qxd5 14. Nf3 0-0-0 15. Qxd5 Rxd5 16. Nbd2 Be7 17. Bb6 Ne5 18. Nxe5 Rxe5 19. Nb3 Rg5 20. f3 h5 21. Rad1 Bd5 22. Be3 Re5 23. Rfe1 h4 24. Kf2 Rd8 25. Nd4 Kb7 26. Nb3 Kc8 27. Bb6 Bxb3 28. Bxd8 Bc5+ 29. Rd4 Rxe1 30. Kxe1 Bxd4 31. cxd4 Kxd8 32. axb3 Kd7 33. b4 Kd6 34. Kd2 g5 35. g3 hxg3 36. hxg3 e5 37. dxe5+ Kxe5 38. Ke3 f5 39. f4+ gxf4+ 40. gxf4+ Kd5 41. Kd3 Kc6 42. Kd4 Kb6 43. Ke5 1-0

[Event "Mosquera op"]
[Site "Mosquera"]
[Date "2014.11.01"]
[Round "4"]
[White "Ricciulli Vargas, Roberth Eliece"]
[Black "Ardila, Oscar Humberto"]
[Result "0-1"]
[WhiteElo "1826"]
[BlackElo "2071"]
[PlyCount "140"]
[EventDate "2014.10.30"]
[EventType "swiss"]
[EventRounds "9"]
[EventCountry "COL"]
[SourceTitle "EXT 2015"]
[Source "ChessBase"]
[SourceDate "2014.11.20"]
[SourceVersion "1"]
[SourceVersionDate "2014.11.20"]
[SourceQuality "1"]

1. e4 e5 2. Nf3 Nf6 3. Nxe5 d6 4. Nf3 Nxe4 5. Nc3 Nf6 6. d4 Be7 7. Bd3 0-0 8. 0-0 Nc6 9. Ne4 Bg4 10. c3 Re8 11. Ng3 Bf8 12. h3 Bd7 13. Bg5 Be7 14. Re1 h6 15. Bd2 Bf8 16. Nf5 Bxf5 17. Bxf5 g6 18. Bc2 Bg7 19. Bb3 Qd7 20. Qc2 Kh7 21. Bf4 Na5 22. Ba4 b5 23. Bb3 Nxb3 24. axb3 Qc6 25. Rxe8 Qxe8 26. Re1 Qd7 27. Be3 Rc8 28. c4 c6 29. Ra1 Rc7 30. c5 Nd5 31. Bd2 Kg8 32. b4 Kh7 33. Kf1 Qe7 34. cxd6 Qxd6 35. Qc5 Qd7 36. Ra6 Kg8 37. Ne5 Bxe5 38. dxe5 Nb6 39. Qd6 Qxd6 40. exd6 Rd7 41. Bc3 f5 42. Be5 Kf7 43. f4 Ke6 44. Ra1 Nc4 45. Re1 Nxd6 46. Bg7+ Ne4 47. Bxh6 Rd2 48. Bg7 Kd5 49. Bc3 Rd3 50. Be5 Rd2 51. Ra1 Kc4 52. Rxa7 Kxb4 53. Rg7 c5 54. Rxg6 Kb3 55. h4 Rd1+ 56. Ke2 Rh1 57. g3 c4 58. Kf3 Rh2 59. g4 Rh3+ 60. Kg2 Rg3+ 61. Kf1 fxg4 62. f5 Rf3+ 63. Ke2 Rxf5 64. Bd4 Ng3+ 65. Kd2 Rd5 66. Ke3 b4 67. Rb6 Nf5+ 68. Ke4 Rxd4+ 69. Kxf5 g3 70. h5 Rh4 0-1

[Event "Mosquera op"]
[Site "Mosquera"]
[Date "2014.10.31"]
[Round "3"]
[White "Lopez Ramirez, Jorge Hernan"]
[Black "Ricciulli Vargas, Roberth Eliece"]
[Result "1/2-1/2"]
[WhiteElo "2054"]
[BlackElo "1826"]
[PlyCount "112"]
[EventDate "2014.10.30"]
[EventType "swiss"]
[EventRounds "9"]
[EventCountry "COL"]
[SourceTitle "EXT 2015"]
[Source "ChessBase"]
[SourceDate "2014.11.20"]
[SourceVersion "1"]
[SourceVersionDate "2014.11.20"]
[SourceQuality "1"]

1. e4 d5 2. exd5 Qxd5 3. Nc3 Qa5 4. d4 c6 5. Bc4 Nf6 6. Nf3 Bg4 7. h3 Bh5 8. g4 Bg6 9. Bd2 Qc7 10. Ne5 e6 11. Qe2 Nbd7 12. f4 0-0-0 13. 0-0-0 Nb6 14. Be1 Bb4 15. Bb3 Bxc3 16. Bxc3 Be4 17. Nxf7 Qxf7 18. g5 Bd5 19. gxf6 Qxf6 20. Rhf1 Rhf8 21. Ba5 Bxb3 22. axb3 Rxd4 23. Rxd4 Qxd4 24. Qxe6+ Qd7 25. Qe3 Qf5 26. Qe7 Qf6 27. Qxf6 Rxf6 28. Bc3 Rf7 29. Kd2 Kd7 30. Be5 Ke6 31. Re1 Kd7 32. c4 Nc8 33. Ke3 Ne7 34. Ke4 Ng6 35. Rd1+ Ke7 36. Bd6+ Ke6 37. Bb8 Ke7 38. Bc7 Ke8 39. Rd8+ Ke7 40. c5 Rxf4+ 41. Bxf4 Kxd8 42. Bb8 a6 43. Kf5 Ke7 44. Bg3 Kf7 45. h4 Ne7+ 46. Ke5 Nd5 47. Kd6 Nf6 48. Kc7 Ne4 49. Bd6 Ke6 50. Bf8 Kf7 51. Bd6 Ke6 52. Bf8 Kd5 53. b4 Kc4 54. Kxb7 Kb5 55. Bxg7 h5 56. Bc3 Ng3 1/2-1/2

[Event "Bogota Superate Intercol Adv B"]
[Site "Bogota"]
[Date "2014.10.28"]
[Round "5.5"]
[White "Ardila Perez, Pedro Ferney"]
[Black "Ricciulli Vargas, Roberth Eliece"]
[Result "0-1"]
[WhiteElo "1782"]
[BlackElo "1748"]
[PlyCount "86"]
[EventDate "2014.10.28"]
[EventType "swiss (blitz)"]
[EventRounds "8"]
[EventCountry "COL"]
[SourceTitle "EXT 2024"]
[Source "ChessBase"]
[SourceDate "2023.10.10"]
[SourceVersion "1"]
[SourceVersionDate "2023.10.10"]
[SourceQuality "1"]

1. e4 e5 2. Nf3 Nc6 3. d4 exd4 4. Bc4 Nf6 5. 0-0 Nxe4 6. Re1 d5 7. Bb5 Bd7 8. Bxc6 bxc6 9. Nxd4 Be7 10. f3 Nc5 11. Qe2 Ne6 12. Nf5 Bc5+ 13. Kh1 0-0 14. Nc3 Qf6 15. Ng3 Nd4 16. Qd3 Rae8 17. Bd2 Qg6 18. Qxg6 hxg6 19. Rxe8 Rxe8 20. Na4 Bd6 21. c3 Ne2 22. Be1 Nxg3+ 23. Bxg3 Re2 24. Kg1 c5 25. Kf1 Rc2 26. Bxd6 cxd6 27. b3 Bb5+ 28. Kg1 Kf8 29. Re1 Bxa4 30. bxa4 Rxc3 31. Rb1 d4 32. Rb8+ Ke7 33. Rb7+ Ke6 34. Rxa7 d3 35. Kf2 d2 36. Ke2 Rd3 37. Kd1 c4 38. Rc7 c3 39. a5 Re3 40. Kc2 Re1 41. Kxc3 d1Q 42. a6 Qc1+ 43. Kb4 Qxc7 0-1

[Event "Bogota Superate Intercol Adv B"]
[Site "Bogota"]
[Date "2014.10.28"]
[Round "3.6"]
[White "Ricciulli Vargas, Roberth Eliece"]
[Black "Castro, Jairo Antonio"]
[Result "1-0"]
[WhiteElo "1748"]
[BlackElo "1971"]
[PlyCount "87"]
[EventDate "2014.10.28"]
[EventType "swiss (blitz)"]
[EventRounds "8"]
[EventCountry "COL"]
[SourceTitle "EXT 2024"]
[Source "ChessBase"]
[SourceDate "2023.10.10"]
[SourceVersion "1"]
[SourceVersionDate "2023.10.10"]
[SourceQuality "1"]

1. e4 e6 2. Nf3 d5 3. e5 c5 4. b4 b6 5. bxc5 bxc5 6. c3 Nc6 7. d4 Qb6 8. Bd3 Bd7 9. Bc2 Rc8 10. Ba3 Na5 11. 0-0 Bb5 12. Re1 Nh6 13. Nbd2 Be7 14. Nb3 Nc4 15. Bxc5 Bxc5 16. Nxc5 Rxc5 17. dxc5 Qxc5 18. Qd4 Qc7 19. Rab1 Ba6 20. Ba4+ Ke7 21. Rb4 Nf5 22. Qf4 h6 23. Reb1 g5 24. Nxg5 Qxe5 25. Rxc4 Qxf4 26. Rxf4 hxg5 27. Rfb4 Rc8 28. R4b3 Kd6 29. h3 Bd3 30. R1b2 Bc4 31. Ra3 a6 32. Rd2 e5 33. Bb3 Bxb3 34. Rxa6+ Rc6 35. Rxc6+ Kxc6 36. axb3 d4 37. cxd4 exd4 38. Kf1 Kc5 39. Rd3 Nd6 40. Rg3 f6 41. Rf3 Ne4 42. Ke2 Kd5 43. b4 Nc3+ 44. Rxc3 1-0